000 00432nam a2200157Ia 4500
008 210716s2016 xx 000 0 und d
020 _a9788126554003
041 _aeng
082 _a003.54 RAIR
100 _aRainer, R Kelly; Cegielski, Casey G.
245 _aIntroduction to information systems.
250 _a4
260 _aNew Delhi
_bWiley India Pvt Ltd
_c2016
300 _axiv,466
650 _aInformation Theory(003.54)
999 _c197176
_d197176